Loading...
Shaping the technology era.
| Main Author: | |
|---|---|
| Format: | Printed Book |
| Published: |
Delhi :
B.R.Publishing Corporation,
1985.
|
| Subjects: |
| LEADER | 00455nam a22001337a 4500 | ||
|---|---|---|---|
| 082 | |a 658.514 |b WAK/S | ||
| 100 | |a Wakhlu,O.N. |a Labru,G.L. | ||
| 245 | |a Shaping the technology era. | ||
| 260 | |a Delhi : |b B.R.Publishing Corporation, |c 1985. | ||
| 300 | |a xv,141p.; | ||
| 650 | |a Technology. | ||
| 942 | |c BK | ||
| 999 | |c 99718 |d 99718 | ||
| 952 | |0 0 |1 0 |4 0 |6 658_514000000000000_WAK_S |7 0 |9 92978 |a SSS |b SSS |c GEN |d 2012-02-23 |g 95.00 |l 0 |o 658.514 WAK/S |p SSSMK0950 |r 2012-02-23 |w 2012-02-23 |y BK | ||